Miss Octubre : Playmates, 1961 /

Novela gráfica en tres partes de corte policiaco acerca de un detective en la ciudad de Los Angeles en los años 60 que persigue a un asesino en serie que mata a bellas mujeres para después tomar fotografías de los cadáveres e inscribirles la leyenda de playmate (de la revista Playboy) del mes. Cuand...

Deskribapen osoa

Gorde:
Xehetasun bibliografikoak
Egile nagusia: Desberg, Stephen (guión)
Beste egile batzuk: Queireix, Alain (ilustración) (ilustración)
Formatua: Liburua
Hizkuntza:gaztelania
Argitaratua: Barcelona, España : NetCom2, 2013, c2013
Gaiak:
Etiketak: Etiketa erantsi
Etiketarik gabe, Izan zaitez lehena erregistro honi etiketa jartzen!

MARC

LEADER 00000nam^a2200000^a^4500
001 000561161
005 20250526000000.0
009 20260310131918.185
020 |a 978-84-15773-47-4 
037 |a Acervo ITESO - Biblioteca 
041 |a GRA 
041 |a ESP 
082 |a 808. 83929  |b DES V. 1 
100 |a Desberg, Stephen  |e (guión) 
240 1 1 |a [Miss Octubre] 
245 1 0 |a Miss Octubre :  |b Playmates, 1961 /  |c Guión de S. Desberg ; il. de A. Queirei. 
264 4 |a Barcelona, España :  |b NetCom2,  |c 2013, c2013 
300 |a 48 p. ;  |c 29.5 cm. 
336 |a texto  |b txt  |2 rdacontenido 
337 |a sin mediación  |b n  |2 rdamedio 
338 |a volumen  |b nc  |2 rdasoporte 
500 |a Traducción de: Miss Octobre: Playmates, 1961 
520 |a Novela gráfica en tres partes de corte policiaco acerca de un detective en la ciudad de Los Angeles en los años 60 que persigue a un asesino en serie que mata a bellas mujeres para después tomar fotografías de los cadáveres e inscribirles la leyenda de playmate (de la revista Playboy) del mes. Cuando el detective se cruza con una atractiva ladrona, se apresura a atrapar al asesino pues éste ha fichado a la mujer como su siguiente víctima, a quien espera nombrar “Miss Octubre”. 
546 |a Edición gráfica con texto en español 
649 |a XX 
650 |a Modelos en la Literatura 
650 |a Mujeres en la Literatura 
650 |a Detectives en la Literatura 
650 |a Asesinos en Serie en la Literatura 
650 |a Historietas y Caricaturas de Suspenso y Terror 
650 |a Novela Gráfica -  |z Bélgica 
650 |a Novela Belga 
650 |a Literatura Belga -  |y Siglo XXI 
650 |a Literatura Policíaca y de Misterio -  |z Bélgica 
650 |a Amnesia en la Literatura 
650 |a Feminicidio en la Literatura 
650 |a Investigación del Delito en la Literatura 
650 |a Los Angeles, EUA en la Literatura 
700 |a Queireix, Alain  |e (ilustración) 
910 |a Fondo Castillo-Martínez 
920 |a Impresos - Libros 
930 |a Libros Antiguos y Raros 
940 |a Literatura 
905 |a 108 
901 |a 0500342888  |b IT2  |c LRA  |i D127202  |u 20250526 
902 |a https://opac.biblio.iteso.mx/vufind/Record/000561161